| 000 | 00581nam a2200193 a 4500 | ||
|---|---|---|---|
| 005 | 20210219153716.0 | ||
| 008 | 010710s1996 r 000 0 eng d | ||
| 020 | _a9682991161 | ||
| 035 | _aUPN01000109462 | ||
| 049 | _aCG | ||
| 050 | 4 |
_aF1210 _bG6.3 |
|
| 100 | 1 | _aGonzález, Jorge A. | |
| 245 | 1 | 3 |
_aLa cultura en México I : _bcifras clave / _cJorge A. González con Guadalupe Chávez. |
| 260 |
_aMéxico : _bCNCA : _bUniversidad de Colima, _c1996. |
||
| 300 |
_a116 p. : _bil., mapas |
||
| 651 | 4 |
_aMEXICO - _xCULTURA |
|
| 700 | 1 |
_aChávez, Guadalupe, _ecoaut. |
|
| 905 | _aLibro | ||
| 999 |
_c83373 _d83373 |
||